A discovery of 29, sects here in London, all of which, except the first, are most divelish and damnable, : being these which follow. Protestants. Puritans. Papists. Brownists. Calvinists. Lutherans. Fam. of love. Mahometans. Adamites. Brightanists. Armenians. Sosinians. Thessalonians. Anabaptists. Separatists. Chaldæans. Electrians. Donatists. Persians. Antinomeans. Assyrians. Macedonians. Heathens. Panonians. Saturnians. Junonians. Bacchanalians. Damassians. The Brotherhood.

Bibliographic Details
Format: eBook
Language:English
Published: [London : publisher not identified], Printed Anno, 1641.
Series:Early English books online.
Subjects:
Online Access:Connect to the full text of this electronic book

MARC

Tag First Indicator Second Indicator Subfields
LEADER 00000nam a2200000 4500
001 in00004339421
005 20200812100147.0
006 m g d
007 cr bn |||a|bb|
008 851127s1641 enk o 00| | eng d
035 |a (UnM)99859706 
037 |a CL0051000001  |b ProQuest Information and Learning. 300 N. Zeeb Rd., Ann Arbor, MI 48106 
040 |a Cu-RivES  |c Cu-RivES  |d CStRLIN  |e dcrb  |d WaOLN 
245 0 2 |a A discovery of 29, sects here in London, all of which, except the first, are most divelish and damnable, :  |b being these which follow. Protestants. Puritans. Papists. Brownists. Calvinists. Lutherans. Fam. of love. Mahometans. Adamites. Brightanists. Armenians. Sosinians. Thessalonians. Anabaptists. Separatists. Chaldæans. Electrians. Donatists. Persians. Antinomeans. Assyrians. Macedonians. Heathens. Panonians. Saturnians. Junonians. Bacchanalians. Damassians. The Brotherhood. 
260 |a [London :  |b publisher not identified],  |c Printed Anno, 1641. 
300 |a 1 online resource (8 pages) 
336 |a text  |b txt  |2 rdacontent 
337 |a computer  |b c  |2 rdamedia 
338 |a online resource  |b cr  |2 rdacarrier 
500 |a Place of publication from Wing. 
500 |a Reproduction of the original in the British Library. 
510 4 |a Wing (2nd edition)  |c D1662. 
510 4 |a Thomason  |c E.168[7]. 
533 |a Electronic reproduction.  |b Ann Arbor, Mich. :  |c UMI,  |d 1999-  |f (Early English books online)  |n Digital version of: (Thomason Tracts ; 29:E168[7])  |7 s1999 miun s 
650 0 |a Christian sects  |z England  |v Early works to 1800. 
830 0 |a Early English books online. 
856 4 0 |u http://proxy.library.tamu.edu/login?url=https://search.proquest.com/docview/2240868546  |z Connect to the full text of this electronic book  |t 0 
999 f f |s 0ed49475-12b6-341a-846a-e67dbe767ec8  |i c7adff3f-a0d7-3243-b443-78006d5ba725  |t 0 
952 f f |a Texas A&M University  |b College Station  |c Electronic Resources  |d Available Online  |t 0  |h No information provided 
998 f f |t 0  |l Available Online